Makroekonomický vývoj a verejné financie v rokoch 2004-2005
Enregistré dans:
| Auteur principal: | |
|---|---|
| Format: | Livre |
| Langue: | slovaque |
| Publié: |
Bratislava
Prognostický ústav SAV
2005
|
| Collection: | Pracovné materiály
č. 7 |
| Sujets: | |
| Tags: |
Pas de tags, Soyez le premier à ajouter un tag!
|
MARC
| LEADER | 00000nam$a2200000$$$4500 | ||
|---|---|---|---|
| 001 | 0052991 | ||
| 005 | 20240313135353.8 | ||
| 022 | |a 0862-9137 | ||
| 041 | 0 | |a slo | |
| 044 | |a SK | ||
| 245 | 1 | 0 | |a Makroekonomický vývoj a verejné financie v rokoch 2004-2005 |c Viera Mokrášová |
| 264 | 1 | |a Bratislava |b Prognostický ústav SAV |c 2005 | |
| 300 | |a 19 s. | ||
| 490 | 1 | |a Pracovné materiály |v č. 7 | |
| 830 | 0 | |a Pracovné materiály |v č. 7 | |
| 610 | 2 | 0 | |a makroekonomika |
| 610 | 2 | 0 | |a vývoj |
| 610 | 2 | 0 | |a financie verejné |
| 610 | 2 | 0 | |a deficit |
| 610 | 2 | 0 | |a správa verejná |
| 610 | 2 | 0 | |a rozpočet štátny |
| 610 | 2 | 0 | |a dlhy verejné |
| 610 | 2 | 0 | |a porovnanie medzinárodné |
| 610 | 2 | 0 | |a sektor verejný |
| 610 | 2 | 0 | |a Slovensko |
| 610 | 2 | 0 | |a Európska únia |
| 610 | 2 | 0 | |a 2004-2005 |
| 100 | 1 | |a Mokrášová, Viera | |